Países que han ganado un oscar "mejor película extranjera" - Estadísticas

Estadísticas generales
  • Esta prueba ha sido intentada 189 veces
    185 desde el último reinicio
  • La puntuación promedio es 18 de 27
Estadísticas de respuestas
PRIMER OSCAR Respuesta % Correcto
1958 FRANCIA
98%
1982 ESPAÑA
97%
1956 ITALIA
96%
1985 ARGENTINA
94%
2018 MEXICO
93%
1979 ALEMANIA
92%
2008 JAPON
91%
1994 RUSIA
90%
2019 COREA DEL SUR
84%
1960 SUECIA
84%
2017 CHILE
82%
2003 CANADA
75%
2014 POLONIA
73%
1986 PAISES BAJOS
68%
1987 DINAMARCA
67%
1984 SUIZA
65%
2007 AUSTRIA
63%
2005 SUDAFRICA
62%
1981 HUNGRIA
57%
2011 IRAN
56%
1996 REPUBLICA CHECA
49%
1969 ARGELIA
39%
2001 BOSNIA Y HERZEGOVINA
25%
2000 TAIWAN
23%
1968 UNION SOVIETICA
18%
1965 CHECOSLOVAQUIA
16%
1976 COSTA DE MARFIL
9%
No se encontraron pruebas coincidentes
Distribución de puntuación
Porcentaje de gente con cada puntuación
Porcentaje por número respondido
Historial de tus puntuaciones
No has intentado esta prueba desde el último reinicio